|
|
|
|
| LEADER |
00000cam a2200000 7i4500 |
| 001 |
0000005968 |
| 005 |
20220105104016.0 |
| 008 |
070814 |
| 020 |
|
|
|a 8173018367
|
| 090 |
0 |
0 |
|a JP
|b EL ENG (5876)
|
| 245 |
1 |
0 |
|a My new book of :
|b fruit ABC
|c compiled by Anuj Chawla
|
| 260 |
|
|
|a New Delhi :
|b Dreamland ,
|c 2006
|
| 500 |
|
|
|a Children age 4-6 years old (yellow)
|
| 650 |
|
0 |
|a Early learning
|
| 650 |
|
0 |
|a Junior preschool
|x English
|x Languages
|
| 700 |
0 |
|
|a Anuj Chawla
|
| 999 |
|
|
|a 0000981619
|b Book
|c Children Collection
|e Cawangan Bandar Tenggara
|
| 999 |
|
|
|a 0000981620
|b Book
|c Children Collection
|e Cawangan Sri Merlong
|